02284naa a2200217 a 450000100080000000500110000800800410001910000220006024500970008226000090017952016230018865300220181165300180183365300240185165300310187565300210190670000230192770000220195070000230197277300710199510737022010-11-29 2010 bl uuuu u00u1 u #d1 aROCHA, P. S. G.da aDiodos emissores de luz e concentra????es de BAP na multiplica????o in vitro de morangueiro. c2010 aRealizou-se um estudo para avaliar o efeito de fontes de luz na micropropaga????o de morangueiro, com n??veis crescentes de BAP no meio de cultivo. Para tanto, inocularam-se gemas de brota????es da cultivar 'Sabrosa' em meio MS com 30g L-?? de sacarose, 100mg L-?? de mio-inositol, 7g L-?? de ??gar e BAP (0; 0,3; 0,6; 0,9; e 1,5mg L-??), em pH 5,8. Os explantes foram cultivados a 25+2??C, com 16 horas de fotoper??odo e luminosidade de 20??mol m-?? s-??, esta ??ltima fornecida por diferentes fontes de luz (LED azul-EDEB 3LA1, LED verde-EDET 3LA1, LED vermelho-EDER 3LA3, l??mpada fluorescente Growlux e l??mpada fluorescente branca). Os tratamentos foram dispostos em delineamento inteiramente ao acaso em um fatorial 5x5 (concentra????es de BAP x fontes de luz), com seis repeti????es. O experimento foi repetido em tr??s subcultivos sucessivos de 35 dias cada. Nestes avaliaram-se o n??mero de brota????es por explante e a altura das brota????es. Ao final do terceiro subcultivo, determinaram-se, ainda, as concentra????es de carotenoides e de clorofilas a e b, independentemente do n??vel de BAP. Maior n??mero de brota????es por explante foi obtido sob LEDs vermelhos e verdes. Concentra????es de BAP no meio de cultura entre 0,82 e 1,22mg L-??, dependendo da fonte de luz, proporcionaram maior multiplica????o in vitro de brota????es. Sob todas as fontes de luz foram obtidas brota????es de maior comprimento em meio isento de BAP. Brota????es cultivadas sob LEDs vermelhos apresentaram maior quantidade de pigmentos fotossint??ticos, enquanto aquelas sob LEDs verdes e l??mpadas Growlux apresentaram a menor. aCultura de tecido aFontes de luz aFragaria x ananassa aMorango: Micropropaga????o aQualidade da luz1 aOLIVEIRA, R. P. de1 aSCIVITTARO, W. B.1 aSANTOS, U. L. dos. tCi??ncia Rural, Santa Mariagv. 40, n. 9, p. 1922-1928, set. 2010.